30 Most Correctly Guessed Countries on the Jetpunk Countries of the World Quiz - Statistics

General Stats
  • This quiz has been taken 1,209 times
  • The average score is 26 of 30
Answer Stats
% Guessed Country % Correct
97 United States
99%
94 China
98%
97 Canada
97%
95 Russia
97%
92 United Kingdom
97%
94 France
95%
95 Mexico
95%
93 Brazil
94%
93 Germany
94%
92 Japan
94%
94 Australia
93%
94 Italy
93%
93 Spain
93%
91 India
92%
87 Argentina
89%
89 Sweden
88%
88 Egypt
86%
86 Norway
85%
88 South Africa
85%
83 Finland
82%
88 Portugal
82%
84 New Zealand
80%
85 Chile
79%
88 Ireland
79%
82 Poland
78%
87 Iran
77%
83 Turkey
75%
87 Iraq
74%
87 Iceland
72%
83 Cuba
63%
No matching quizzes found
Score Distribution
Percent of People with Each Score
Percentile by Number Answered
Your Score History
You have not taken this quiz